| 000 | 00000nas 2200000zi 4500 |
| 001 | 9.929349 |
| 003 | CaOODSP |
| 005 | 20231212104112 |
| 006 | m o d f |
| 007 | cr ||||||||||| |
| 008 | 231211d20212021oncar p o f0###b0fre|d |
| 040 | |aCaOODSP|bfre|erda|cCaOODSP |
| 043 | |an-cn--- |
| 086 | 1 |aPo12-4F-PDF |
| 110 | 2 |aSociété canadienne des postes.|eauteur, |eorganisme de publication. |
| 245 | 10|aRapport sur le développement durable ... de Postes Canada, Groupe de travail sur l’information financière relative aux changements climatiques. |
| 246 | 30|aGroupe de travail sur l’information financière relative aux changements climatiques |
| 264 | 1|a[Ottawa] : |b[Postes Canada = Canada Post], |c[2021] |
| 310 | |aAnnuel |
| 336 | |atexte|btxt|2rdacontent/fre |
| 337 | |ainformatique|bc|2rdamedia/fre |
| 338 | |aressource en ligne|bcr|2rdacarrier/fre |
| 362 | 1 |aParaît depuis 2021; ne paraît plus après 2021. |
| 500 | |aPublié aussi en anglais sous le titre : Canada Post ... sustainability report, Task Force on Climate-Related Financial Disclosures. |
| 588 | |aDescription d'après : 2021. |
| 588 | |aDernière livraison consultée : 2021. |
| 610 | 26|aSociété canadienne des postes|vPériodiques. |
| 650 | 6|aClimat|xChangements|xAspect économique|zCanada|vPériodiques. |
| 650 | 6|aDéveloppement durable|xCanada|zFinances|vPériodiques. |
| 655 | 7|aPériodiques|2rvmgf |
| 775 | 08|tCanada Post ... sustainability report, Task Force on Climate-related Financial Disclosures.|w(CaOODSP)9.929348 |
| 785 | 00|tRapport de ... relatif au Groupe de travail sur l’information financière relative aux changements climatiques / |w(CaOODSP)9.931341 |